| 000 | 01196cam a2200337 a 4500 | ||
|---|---|---|---|
| 999 |
_c21023 _d21023 |
||
| 001 | 12516571 | ||
| 003 | OSt | ||
| 005 | 20200609110448.0 | ||
| 008 | 010630s2000 ii b 101 0 eng | ||
| 010 | _a 2001362908 | ||
| 020 | _a8173043817 | ||
| 025 | _aI-E-2001-362908; 62-92 | ||
| 035 | _a(DLC) 200136290 | ||
| 037 |
_bLibrary of Congress -- New Delhi Field Office _cRs600.00 |
||
| 040 |
_aDLC _coclc _dDLC |
||
| 042 | _alcode | ||
| 043 | _aa-ii--- | ||
| 050 | 0 | 0 |
_aDS480.84 _b.P65 2000 |
| 082 | 0 | 0 |
_a325.3 _bDAM/P |
| 100 |
_92658 _aDamodaran, Vinita |
||
| 245 | 0 | 0 |
_aPostcolonial India : _bhistory, politics, and culture / _cVinita Damodaran ; Maya Unnithan-Kumar. |
| 260 |
_aNew Delhi : _bManohar, _c2000. |
||
| 300 | _a375 p | ||
| 504 | _aIncludes bibliographical references (p. [353]-364) and index. | ||
| 520 | _aPapers, originally presented at an international conference held at Sussex, England in 1997. | ||
| 700 | 1 | _aDamodaran, Vinita. | |
| 700 | 1 |
_aUnnithan-Kumar, Maya, _d1961- |
|
| 906 |
_a7 _bcbc _corigode _d3 _encip _f20 _gy-gencatlg |
||
| 942 |
_2ddc _cBK _h325.3 _iDAM/P _k325.3 _mDAM/P |
||